<?xml version="1.0" encoding="UTF-8"?>
<record
    xmlns:xsi="http://www.w3.org/2001/XMLSchema-instance"
    xsi:schemaLocation="http://www.loc.gov/MARC21/slim http://www.loc.gov/standards/marcxml/schema/MARC21slim.xsd"
    xmlns="http://www.loc.gov/MARC21/slim">

  <leader>01462cam a22002655a 4500</leader>
  <controlfield tag="001">10785466</controlfield>
  <controlfield tag="005">20201128023751.0</controlfield>
  <controlfield tag="008">131024s2014    enka   frb    001 0 eng d</controlfield>
  <datafield tag="020" ind1=" " ind2=" ">
    <subfield code="a">9780230289161</subfield>
  </datafield>
  <datafield tag="040" ind1=" " ind2=" ">
    <subfield code="a">BTCTA</subfield>
    <subfield code="b">eng</subfield>
    <subfield code="c">BTCTA</subfield>
    <subfield code="d">BDX</subfield>
    <subfield code="d">UKMGB</subfield>
    <subfield code="d">YDXCP</subfield>
    <subfield code="d">CDX</subfield>
    <subfield code="d">DJB</subfield>
    <subfield code="d">NhCcYBP</subfield>
    <subfield code="d">EG-ScBUE</subfield>
  </datafield>
  <datafield tag="082" ind1="0" ind2="4">
    <subfield code="a">337.0</subfield>
    <subfield code="2">22</subfield>
    <subfield code="b">BRO</subfield>
  </datafield>
  <datafield tag="100" ind1="1" ind2=" ">
    <subfield code="a">Broome, Andr&#xE9;,&#x200F;</subfield>
    <subfield code="d">1978-&#x200F;</subfield>
    <subfield code="9">40363</subfield>
  </datafield>
  <datafield tag="245" ind1="1" ind2="0">
    <subfield code="a">Issues and actors in the global political economy /</subfield>
    <subfield code="c">Andr&#xE9; Broome.</subfield>
  </datafield>
  <datafield tag="260" ind1=" " ind2=" ">
    <subfield code="a">Hampshire ;</subfield>
    <subfield code="a">New York :</subfield>
    <subfield code="b">Palgrave Macmillan,</subfield>
    <subfield code="c">2014.</subfield>
  </datafield>
  <datafield tag="300" ind1=" " ind2=" ">
    <subfield code="a">xviii, 324 p. :</subfield>
    <subfield code="b">ill. ;</subfield>
    <subfield code="c">24 cm.</subfield>
  </datafield>
  <datafield tag="500" ind1=" " ind2=" ">
    <subfield code="a">Index : p. 313-324.</subfield>
  </datafield>
  <datafield tag="504" ind1=" " ind2=" ">
    <subfield code="a">Bibliography : p. 285-312.
</subfield>
  </datafield>
  <datafield tag="505" ind1="0" ind2=" ">
    <subfield code="a">Introduction to international political economy -- Theoretical perspectives in international political economy -- Contemporary debates in international political economy -- State actors -- International organizations -- Club forums -- Market actors -- Non-governmental organizations -- Everyday actors -- Global trade -- Global money and national currencies -- Global capital mobility -- Financial crises -- Sovereign debt -- Tax and welfare -- Global poverty and development -- resource competition and energy -- The environment and climate change.</subfield>
  </datafield>
  <datafield tag="650" ind1=" " ind2="7">
    <subfield code="a">International economic relations.</subfield>
    <subfield code="2">BUEsh</subfield>
    <subfield code="9">3036</subfield>
  </datafield>
  <datafield tag="650" ind1=" " ind2="7">
    <subfield code="a">Globalization</subfield>
    <subfield code="x">Economic aspects.</subfield>
    <subfield code="2">BUEsh</subfield>
    <subfield code="9">3901</subfield>
  </datafield>
  <datafield tag="650" ind1=" " ind2="7">
    <subfield code="a">Globalization</subfield>
    <subfield code="x">Political aspects.</subfield>
    <subfield code="2">BUEsh</subfield>
    <subfield code="9">3902</subfield>
  </datafield>
  <datafield tag="651" ind1=" " ind2=" ">
    <subfield code="2">BUEsh</subfield>
  </datafield>
  <datafield tag="653" ind1=" " ind2=" ">
    <subfield code="b">LLAAWW</subfield>
    <subfield code="c">July2016</subfield>
  </datafield>
  <datafield tag="942" ind1=" " ind2=" ">
    <subfield code="2">ddc</subfield>
  </datafield>
  <datafield tag="999" ind1=" " ind2=" ">
    <subfield code="c">21985</subfield>
    <subfield code="d">21957</subfield>
  </datafield>
  <datafield tag="952" ind1=" " ind2=" ">
    <subfield code="0">0</subfield>
    <subfield code="1">0</subfield>
    <subfield code="2">ddc</subfield>
    <subfield code="4">0</subfield>
    <subfield code="7">0</subfield>
    <subfield code="8">Baccah</subfield>
    <subfield code="a">MAIN</subfield>
    <subfield code="b">MAIN</subfield>
    <subfield code="c">1ST</subfield>
    <subfield code="d">2016-07-20</subfield>
    <subfield code="e">Purchase</subfield>
    <subfield code="g">406.00</subfield>
    <subfield code="h">26080</subfield>
    <subfield code="l">1</subfield>
    <subfield code="o">337.0 BRO</subfield>
    <subfield code="p">000032895</subfield>
    <subfield code="r">2025-07-15 00:00:00</subfield>
    <subfield code="s">2017-06-22</subfield>
    <subfield code="v">507.50</subfield>
    <subfield code="y">BB</subfield>
  </datafield>
  <datafield tag="952" ind1=" " ind2=" ">
    <subfield code="0">0</subfield>
    <subfield code="1">0</subfield>
    <subfield code="2">ddc</subfield>
    <subfield code="4">0</subfield>
    <subfield code="7">0</subfield>
    <subfield code="8">Baccah</subfield>
    <subfield code="a">MAIN</subfield>
    <subfield code="b">MAIN</subfield>
    <subfield code="c">1ST</subfield>
    <subfield code="d">2016-07-20</subfield>
    <subfield code="e">Purchase</subfield>
    <subfield code="g">406.00</subfield>
    <subfield code="h">26080</subfield>
    <subfield code="l">0</subfield>
    <subfield code="o">337.0 BRO</subfield>
    <subfield code="p">000032896</subfield>
    <subfield code="r">2025-07-15 00:00:00</subfield>
    <subfield code="v">507.50</subfield>
    <subfield code="y">BB</subfield>
  </datafield>
</record>
